| 000 | 00548nam a22001697a 4500 | ||
|---|---|---|---|
| 003 | OSt | ||
| 005 | 20201016101149.0 | ||
| 008 | 201016b 2014 00| 0 eng d | ||
| 020 | _a9789945588125 | ||
| 040 |
_aDO-SdBNP _bspa _cBNPHU |
||
| 100 | 1 |
_aFranjul Bucarelli, Miguel _976936 |
|
| 245 | 1 | 0 |
_aEditoriales banilejos / _cMiguel Franjul Bucarelli. |
| 260 |
_aSanto Domingo : _bMinisterio de Cultura : Ediciones Rumbo Sur, _c2014 |
||
| 300 |
_a138 p. ; _c23 cm. |
||
| 500 | _aIncluye datos biográficos del autor en las solapas. | ||
| 942 |
_2ddc _cLBS1 |
||
| 999 |
_c48905 _d48905 |
||